<?xml version="1.0" encoding="UTF-8"?>
<record
    xmlns:xsi="http://www.w3.org/2001/XMLSchema-instance"
    xsi:schemaLocation="http://www.loc.gov/MARC21/slim http://www.loc.gov/standards/marcxml/schema/MARC21slim.xsd"
    xmlns="http://www.loc.gov/MARC21/slim">

  <leader>00334nam a2200133Ia 4500</leader>
  <controlfield tag="008">191201s2013    xx            000 0 und d</controlfield>
  <datafield tag="100" ind1=" " ind2=" ">
    <subfield code="a">SINGH,Shio Kumar</subfield>
  </datafield>
  <datafield tag="245" ind1=" " ind2="0">
    <subfield code="a">Database Systems Concepts, Designs and Application</subfield>
  </datafield>
  <datafield tag="250" ind1=" " ind2=" ">
    <subfield code="a">IMP-3rd</subfield>
  </datafield>
  <datafield tag="260" ind1=" " ind2=" ">
    <subfield code="c">2013</subfield>
    <subfield code="b">pearson</subfield>
    <subfield code="a">N. delhi</subfield>
  </datafield>
  <datafield tag="300" ind1=" " ind2=" ">
    <subfield code="a">912</subfield>
  </datafield>
  <datafield tag="650" ind1=" " ind2=" ">
    <subfield code="a">CSE</subfield>
  </datafield>
  <datafield tag="942" ind1=" " ind2=" ">
    <subfield code="2">ddc</subfield>
    <subfield code="c">BB</subfield>
  </datafield>
  <datafield tag="999" ind1=" " ind2=" ">
    <subfield code="c">7662</subfield>
    <subfield code="d">7662</subfield>
  </datafield>
  <datafield tag="952" ind1=" " ind2=" ">
    <subfield code="0">0</subfield>
    <subfield code="1">0</subfield>
    <subfield code="2">ddc</subfield>
    <subfield code="4">0</subfield>
    <subfield code="7">0</subfield>
    <subfield code="8">BTECHCSE</subfield>
    <subfield code="a">PIET</subfield>
    <subfield code="b">PIET</subfield>
    <subfield code="d">2015-04-03</subfield>
    <subfield code="e">UDH pub and dis Delhi</subfield>
    <subfield code="g">599.00</subfield>
    <subfield code="k">45</subfield>
    <subfield code="l">0</subfield>
    <subfield code="p">BB11359</subfield>
    <subfield code="r">2019-12-04 00:00:00</subfield>
    <subfield code="v">419.30</subfield>
    <subfield code="w">2015-04-02</subfield>
    <subfield code="y">BB</subfield>
  </datafield>
  <datafield tag="952" ind1=" " ind2=" ">
    <subfield code="0">0</subfield>
    <subfield code="1">0</subfield>
    <subfield code="2">ddc</subfield>
    <subfield code="4">0</subfield>
    <subfield code="7">0</subfield>
    <subfield code="8">BTECHCSE</subfield>
    <subfield code="a">PIET</subfield>
    <subfield code="b">PIET</subfield>
    <subfield code="d">2015-04-03</subfield>
    <subfield code="e">UDH pub and dis Delhi</subfield>
    <subfield code="g">599.00</subfield>
    <subfield code="k">45</subfield>
    <subfield code="l">0</subfield>
    <subfield code="p">BB11360</subfield>
    <subfield code="r">2019-12-04 00:00:00</subfield>
    <subfield code="v">419.30</subfield>
    <subfield code="w">2015-04-02</subfield>
    <subfield code="y">BB</subfield>
  </datafield>
  <datafield tag="952" ind1=" " ind2=" ">
    <subfield code="0">0</subfield>
    <subfield code="1">0</subfield>
    <subfield code="2">ddc</subfield>
    <subfield code="4">0</subfield>
    <subfield code="7">0</subfield>
    <subfield code="8">BTECHCSE</subfield>
    <subfield code="a">PIET</subfield>
    <subfield code="b">PIET</subfield>
    <subfield code="d">2015-04-03</subfield>
    <subfield code="e">UDH pub and dis Delhi</subfield>
    <subfield code="g">599.00</subfield>
    <subfield code="k">45</subfield>
    <subfield code="l">0</subfield>
    <subfield code="p">BB11361</subfield>
    <subfield code="r">2019-12-04 00:00:00</subfield>
    <subfield code="v">419.30</subfield>
    <subfield code="w">2015-04-02</subfield>
    <subfield code="y">BB</subfield>
  </datafield>
  <datafield tag="952" ind1=" " ind2=" ">
    <subfield code="0">0</subfield>
    <subfield code="1">0</subfield>
    <subfield code="2">ddc</subfield>
    <subfield code="4">0</subfield>
    <subfield code="7">0</subfield>
    <subfield code="8">BTECHCSE</subfield>
    <subfield code="a">PIET</subfield>
    <subfield code="b">PIET</subfield>
    <subfield code="d">2015-04-03</subfield>
    <subfield code="e">UDH pub and dis Delhi</subfield>
    <subfield code="g">599.00</subfield>
    <subfield code="k">45</subfield>
    <subfield code="l">0</subfield>
    <subfield code="p">BB11362</subfield>
    <subfield code="r">2019-12-04 00:00:00</subfield>
    <subfield code="v">419.30</subfield>
    <subfield code="w">2015-04-02</subfield>
    <subfield code="y">BB</subfield>
  </datafield>
  <datafield tag="952" ind1=" " ind2=" ">
    <subfield code="0">0</subfield>
    <subfield code="1">0</subfield>
    <subfield code="2">ddc</subfield>
    <subfield code="4">0</subfield>
    <subfield code="7">0</subfield>
    <subfield code="8">BTECHCSE</subfield>
    <subfield code="a">PIET</subfield>
    <subfield code="b">PIET</subfield>
    <subfield code="d">2015-04-03</subfield>
    <subfield code="e">UDH pub and dis Delhi</subfield>
    <subfield code="g">599.00</subfield>
    <subfield code="k">45</subfield>
    <subfield code="l">0</subfield>
    <subfield code="p">BB11363</subfield>
    <subfield code="r">2019-12-04 00:00:00</subfield>
    <subfield code="v">419.30</subfield>
    <subfield code="w">2015-04-02</subfield>
    <subfield code="y">BB</subfield>
  </datafield>
  <datafield tag="952" ind1=" " ind2=" ">
    <subfield code="0">0</subfield>
    <subfield code="1">0</subfield>
    <subfield code="2">ddc</subfield>
    <subfield code="4">0</subfield>
    <subfield code="7">0</subfield>
    <subfield code="8">BTECHCSE</subfield>
    <subfield code="a">PIET</subfield>
    <subfield code="b">PIET</subfield>
    <subfield code="d">2015-04-03</subfield>
    <subfield code="e">UDH pub and dis Delhi</subfield>
    <subfield code="g">599.00</subfield>
    <subfield code="k">45</subfield>
    <subfield code="l">0</subfield>
    <subfield code="p">BB11364</subfield>
    <subfield code="r">2019-12-04 00:00:00</subfield>
    <subfield code="v">419.30</subfield>
    <subfield code="w">2015-04-02</subfield>
    <subfield code="y">BB</subfield>
  </datafield>
</record>
